[Event "It (cat.14)"]
[Site "?"]
[Date "1995.??.??"]
[Round "10"]
[White "Markowski Tomasz"]
[Black "Ftacnik Lubomir"]
[Result "1/2-1/2"]
[WhiteElo "2470"]
[BlackElo "2605"]
[PlyCount "151"]
[EventDate "1995.??.??"]
[Source "www.chesslib.no"]
[SourceDate "2004.05.04"]

1. c4 Nf6 2. g3 c6 3. Nf3 d5 4. b3 Bf5 5. Bb2 e6 6. Bg2 h6 7. O-O Be7 8. d3 O-O 9. Nbd2 Bh7 10. a3 a5 11. Rc1 Nbd7 12. Bh3 Bd6 13. cxd5 exd5 14. Nd4 Qe7 15. Ra1 Rfe8 16. Re1 Bc5 17. Qc2 Ne5 18. N2f3 Neg4 19. Qd2 Bb6 20. b4 Qd6 21. Rf1 Ne5 22. Nh4 Qd8 23. Nhf5 Bxf5 24. Nxf5 d4 25. Rfe1 Kh7 26. Bg2 Qd7 27. Nh4 Nd5 28. Nf5 Nf6 29. Nh4 g5 30. Nf3 Nxf3+ 31. Bxf3 Nd5 32. Qc2 axb4 33. axb4 Nxb4 34. Qc4 Na6 35. e3 dxe3 36. fxe3 Rxe3 37. Kg2 Rxf3 38. Qe4+ Qf5 39. Qxf3 Qxf3+ 40. Kxf3 Rd8 41. Rad1 Bc5 42. Re4 Nc7 43. Ke2 Ne6 44. Rb1 Rd7 45. Ra1 Bd4 46. Ra2 b5 47. Bxd4 Nxd4+ 48. Ke3 c5 49. Ra6 b4 50. Re5 Rc7 51. Rb6 Kg7 52. Ke4 Ne6 53. Rd5 Ra7 54. Rf5 Rc7 55. Rd5 Nd4 56. Re5 f5+ 57. Ke3 b3 58. Re8 Nc2+ 59. Kd2 Nb4 60. Reb8 b2 61. Rxb4 cxb4 62. Rxb4 Kg6 63. Rxb2 Kh5 64. d4 Kg4 65. Kd3 Rd7 66. Rb6 h5 67. Rb5 Rf7 68. d5 f4 69. gxf4 gxf4 70. Ke2 Rf5 71. Kf2 Re5 72. Ra5 h4 73. Ra3 Rxd5 74. h3+ Kf5 75. Kf3 Rb5 76. Rc3 1/2-1/2

[Event "HUN Ch"]
[Site "HUN"]
[Date "1991.??.??"]
[Round "2"]
[White "Lukacs, Peter"]
[Black "Farago, Ivan"]
[Result "1/2-1/2"]
[WhiteElo "2500"]
[BlackElo "2515"]
[PlyCount "21"]
[EventDate "1991.12.??"]
[Source "www.chesslib.no"]
[SourceDate "2004.05.04"]

1. c4 Nf6 2. g3 c6 3. Nf3 d5 4. b3 Bf5 5. Bg2 e6 6. Bb2 Be7 7. O-O Nbd7 8. d3 h6 9. Nbd2 O-O 10. a3 a5 11. Rc1 1/2-1/2

[Event "Reykjavik Olafsson"]
[Site "Reykjavik"]
[Date "1995.??.??"]
[Round "6"]
[White "Arnason, Jon L"]
[Black "Thorhallsson, Throstur"]
[Result "1/2-1/2"]
[WhiteElo "2545"]
[BlackElo "2420"]
[PlyCount "99"]
[EventDate "1995.09.??"]
[Source "ChessBase"]

1. c4 Nf6 2. Nf3 c6 3. g3 d5 4. b3 Bf5 5. Bb2 e6 6. Bg2 Be7 7. O-O O-O 8. d3 h6 9. Nbd2 Nbd7 10. h3 a5 11. a3 Re8 12. Ra2 Bf8 13. Qa1 Qb6 14. Bc3 c5 15. d4 Ne4 16. e3 Nxc3 17. Qxc3 Rac8 18. Nh4 cxd4 19. exd4 Bh7 20. c5 Qa6 21. Rb2 e5 22. Bxd5 exd4 23. Qxd4 Nxc5 24. Nc4 Red8 25. Rd1 Be4 26. Qe5 Bxd5 27. Rxd5 Nd3 28. Rxd8 Rxd8 29. Qc7 Nxb2 30. Qxd8 Nxc4 31. bxc4 Qxc4 32. Qxa5 Qc1+ 33. Kg2 Qxa3 34. Qd5 Qe7 35. Nf3 Qc7 36. Ne5 b6 37. h4 Bc5 38. Qa8+ Kh7 39. Qe4+ Kg8 40. Qa8+ Bf8 41. Qd5 h5 42. Nd7 Be7 43. Qa8+ Bd8 44. Ne5 Kh7 45. Qd5 g6 46. Nxf7 Bf6 47. Ng5+ Bxg5 48. hxg5 Kg7 49. Kh2 Kh7 50. Kg2 1/2-1/2

[Event "Piatka op"]
[Site "?"]
[Date "1997.??.??"]
[Round "7"]
[White "Neverov Valeriy"]
[Black "Mirzoev Azer"]
[Result "1-0"]
[WhiteElo "2530"]
[BlackElo "2430"]
[PlyCount "63"]
[EventDate "1997.??.??"]
[Source "www.chesslib.no"]
[SourceDate "2004.05.04"]

1. Nf3 Nf6 2. c4 c6 3. g3 d5 4. b3 Bf5 5. Bg2 e6 6. O-O Nbd7 7. Bb2 h6 8. d3 Be7 9. Nbd2 O-O 10. Rc1 a5 11. a3 Bh7 12. Rc2 Ne8 13. Qb1 Bf6 14. Rfc1 Bxb2 15. Qxb2 Nef6 16. cxd5 exd5 17. Nd4 Qb6 18. Bh3 Rfe8 19. N2f3 Bg6 20. Nh4 Bh7 21. b4 axb4 22. axb4 Ra4 23. Rb1 Ne5 24. Qc3 Neg4 25. Nhf3 h5 26. b5 Rea8 27. Rbc1 Ne4 28. dxe4 dxe4 29. bxc6 exf3 30. cxb7 Rf8 31. Rb2 Qa7 32. b8=Q 1-0

[Event "Wch sf corr"]
[Site "Wch sf corr"]
[Date "1987.??.??"]
[Round "?"]
[White "Miskovsky, Pavel"]
[Black "Suta, Mihai"]
[Result "1/2-1/2"]
[WhiteElo "2505"]
[BlackElo "2450"]
[PlyCount "63"]
[EventDate "1987.??.??"]
[Source "www.chesslib.no"]
[SourceDate "2004.05.04"]

1. c4 c6 2. Nf3 Nf6 3. g3 d5 4. b3 Bf5 5. Bg2 h6 6. Bb2 e6 7. O-O Nbd7 8. d3 a5 9. cxd5 exd5 10. e4 dxe4 11. dxe4 Bxe4 12. Nbd2 Bxf3 13. Qxf3 Be7 14. Rad1 O-O 15. Qf5 a4 16. b4 Bxb4 17. Nc4 Qc7 18. Rd4 Rfe8 19. Bc1 Re6 20. Bf4 Qd8 21. Qb1 Bc5 22. Rd2 Nd5 23. Bxd5 cxd5 24. Rxd5 Qc8 25. Qb5 Rc6 26. Rfd1 Nf6 27. Rd8+ Qxd8 28. Rxd8+ Rxd8 29. Ne5 Rcc8 30. Qxb7 Rf8 31. Qf3 Bb6 32. Qb7 1/2-1/2

[Event "Zadar op"]
[Site "?"]
[Date "1994.??.??"]
[Round "?"]
[White "Lisenko Alexander V"]
[Black "Palac Mladen"]
[Result "1/2-1/2"]
[WhiteElo "2415"]
[BlackElo "2505"]
[PlyCount "36"]
[EventDate "1994.??.??"]
[Source "www.chesslib.no"]
[SourceDate "2004.05.04"]

1. c4 Nf6 2. g3 c6 3. Nf3 d5 4. b3 Bf5 5. Bb2 e6 6. Bg2 h6 7. O-O Nbd7 8. d3 Be7 9. Nbd2 O-O 10. Rc1 Bh7 11. a3 a5 12. Rc2 Bd6 13. Qa1 Qe7 14. cxd5 cxd5 15. Nd4 e5 16. Nb5 Bc5 17. Rc3 Rac8 18. h3 Qe6 1/2-1/2

[Event "Jugoslavija (ch)"]
[Site "?"]
[Date "1991.??.??"]
[Round "?"]
[White "Abramovic, B."]
[Black "Raicevic, V."]
[Result "0-1"]
[WhiteElo "2495"]
[BlackElo "2415"]
[PlyCount "80"]
[EventDate "1991.??.??"]
[Source "ChessBase"]
[SourceDate "1991.10.01"]

1. Nf3 Nf6 2. c4 c6 3. g3 d5 4. b3 Bf5 5. Bg2 e6 6. O-O Be7 7. Bb2 O-O 8. d3 h6 9. Nbd2 Bh7 10. d4 Ne4 11. Ne5 Nxd2 12. Qxd2 Nd7 13. Nxd7 Qxd7 14. Rac1 b5 15. cxb5 cxb5 16. Qa5 Rfb8 17. Qc7 Qe8 18. Qc6 Qxc6 19. Rxc6 Rc8 20. Rfc1 Rxc6 21. Rxc6 b4 22. Rc1 a5 23. Bf1 a4 24. bxa4 Rxa4 25. Ra1 Ra8 26. e3 Rc8 27. a4 Rc2 28. a5 Bd8 29. a6 Bb6 30. a7 Bxa7 31. Rxa7 g5 32. Ba1 Rc1 33. Kg2 g4 34. f4 gxf3+ 35. Kf2 Rc2+ 36. Kxf3 Be4+ 37. Kg4 Rf2 38. Bh3 Rxh2 39. Bf1 Kg7 40. Bb5 Kf6 0-1

[Event "CSR Ch"]
[Site "Brno CZE"]
[Date "1975.??.??"]
[Round "2"]
[White "Schmidt, Wlodzimierz"]
[Black "Spiridonov, Nikola"]
[Result "0-1"]
[WhiteElo "2465"]
[BlackElo "2440"]
[PlyCount "94"]
[EventDate "1975.??.??"]
[Source "www.chesslib.no"]
[SourceDate "2004.05.04"]

1. Nf3 Nf6 2. c4 c6 3. g3 d5 4. b3 Bf5 5. Ba3 Be4 6. Bg2 g6 7. d3 Bxf3 8. Bxf3 Bg7 9. Bb2 O-O 10. O-O e6 11. Bg2 a5 12. a3 Qb6 13. Nd2 Nfd7 14. Bxg7 Kxg7 15. Qc2 Qd4 16. Rab1 Ne5 17. Rfc1 Nbd7 18. b4 Ng4 19. Qb2 Qxb2 20. Rxb2 axb4 21. axb4 Ngf6 22. Nb3 b6 23. Nd4 Rfc8 24. Kf1 Ra4 25. Ke1 e5 26. Nf3 Rca8 27. cxd5 cxd5 28. Bh3 Ra1 29. Rbc2 e4 30. dxe4 dxe4 31. Bxd7 Nxd7 32. Nd4 Ne5 33. Kd2 Rxc1 34. Rxc1 Rd8 35. Kc3 Rc8+ 36. Kd2 Rd8 37. Kc3 Ng4 38. f3 Rc8+ 39. Kb2 Rxc1 40. Kxc1 Nxh2 41. fxe4 h5 42. Kc2 Nf1 43. Kd3 Kf6 44. Kc4 Ke5 45. Nf3+ Kxe4 46. Kb5 Nxg3 47. Kxb6 Nxe2 0-1

[Event "Vrnjacka Banja"]
[Site "Vrnjacka Banja"]
[Date "1984.??.??"]
[Round "?"]
[White "Simic, Radoslav"]
[Black "Nikolic, Zivoslav"]
[Result "1/2-1/2"]
[WhiteElo "2485"]
[BlackElo "2420"]
[PlyCount "26"]
[EventDate "1984.04.??"]
[Source "ChessBase"]

1. c4 Nf6 2. g3 c6 3. Nf3 d5 4. b3 Bf5 5. Bb2 e6 6. Bg2 Be7 7. O-O O-O 8. d3 h6 9. Nbd2 Nbd7 10. Qc2 Nh7 11. a3 a5 12. Ne5 Nxe5 13. Bxe5 Bd6 1/2-1/2

[Event "WchT U26"]
[Site "Parnaiba"]
[Date "1995.??.??"]
[Round "?"]
[White "Barcenilla, Rogelio"]
[Black "Kacheishvili, Giorgi"]
[Result "1/2-1/2"]
[WhiteElo "2450"]
[BlackElo "2440"]
[PlyCount "29"]
[EventDate "1995.??.??"]
[Source "www.chesslib.no"]
[SourceDate "2004.05.04"]

1. c4 Nf6 2. g3 c6 3. Nf3 d5 4. b3 Bf5 5. Bg2 e6 6. O-O Nbd7 7. Bb2 Bd6 8. d3 O-O 9. Nc3 h6 10. e4 Bh7 11. Re1 dxe4 12. dxe4 Qb8 13. Qe2 e5 14. Rad1 Qc7 15. a3 1/2-1/2

[Event "Vrnjacka Banja"]
[Site "Vrnjacka Banja YUG"]
[Date "1985.??.??"]
[Round "9"]
[White "Simic, Radoslav"]
[Black "Paunovic, Dragan"]
[Result "1/2-1/2"]
[WhiteElo "2480"]
[BlackElo "2410"]
[PlyCount "81"]
[EventDate "1985.??.??"]
[Source "www.chesslib.no"]
[SourceDate "2004.05.04"]

1. Nf3 Nf6 2. c4 c6 3. g3 d5 4. b3 Bf5 5. Ba3 Nbd7 6. Bg2 e6 7. Bxf8 Nxf8 8. Qc1 N8d7 9. d3 h6 10. O-O Qe7 11. Qb2 O-O 12. Nc3 Rfe8 13. Rfc1 a5 14. a3 Bh7 15. b4 axb4 16. axb4 dxc4 17. dxc4 e5 18. Nd2 e4 19. Nd1 c5 20. bxc5 Nxc5 21. Ne3 Bg6 22. Bh3 Rxa1 23. Rxa1 Bh5 24. Nb1 Rd8 25. Nc3 Qe5 26. Rb1 Ra8 27. Bf5 Bg6 28. Bh3 Bh5 29. Kg2 Ne8 30. Nb5 Qxb2 31. Rxb2 Rd8 32. Nd5 f6 33. Nbc7 Nxc7 34. Nxc7 Rd6 35. Nd5 Bf7 36. Ne7+ Kf8 37. Nf5 Rc6 38. Ne3 g6 39. Kg1 f5 40. Bf1 b6 41. f3 1/2-1/2

[Event "Anibal Open ESP"]
[Site "?"]
[Date "2001.??.??"]
[Round "1"]
[White "Rodriguez Lopez, R."]
[Black "Dominguez, L."]
[Result "0-1"]
[WhiteElo "2330"]
[BlackElo "2530"]
[PlyCount "60"]
[EventDate "2001.??.??"]
[Source "www.chesslib.no"]
[SourceDate "2004.05.04"]

1. c4 Nf6 2. Nf3 c6 3. b3 d5 4. g3 Bf5 5. Bg2 e6 6. d3 h6 7. O-O Nbd7 8. Bb2 Bc5 9. a3 a5 10. Nbd2 O-O 11. Bc3 Qe7 12. Qc1 Bd6 13. Re1 Bh7 14. b4 axb4 15. axb4 Bxb4 16. Bxb4 Qxb4 17. Rb1 Qd6 18. Rxb7 Nc5 19. Rb1 Nfd7 20. Nb3 Na4 21. Ra1 Rfb8 22. Qc2 e5 23. Rec1 e4 24. c5 Naxc5 25. Rxa8 Rxa8 26. Nxc5 Nxc5 27. Ne1 exd3 28. exd3 Re8 29. Kf1 Rxe1+ 30. Kxe1 Nxd3+ 0-1

[Event "Kamen Piskov Memorial 4th"]
[Site "Ruse"]
[Date "1984.??.??"]
[Round "10"]
[White "Spiridonov, Nikola"]
[Black "Orso, Miklos"]
[Result "1/2-1/2"]
[WhiteElo "2445"]
[BlackElo "2390"]
[PlyCount "88"]
[EventDate "1984.06.??"]
[Source "www.chesslib.no"]
[SourceDate "2004.05.04"]

1. c4 Nf6 2. g3 c6 3. Nf3 d5 4. b3 Bf5 5. Bg2 e6 6. O-O Nbd7 7. d3 h6 8. Bb2 Be7 9. Nbd2 O-O 10. Rc1 a5 11. a3 Bh7 12. Rc2 Ne8 13. Qa1 Bf6 14. Ne5 Nxe5 15. Bxe5 Bxe5 16. Qxe5 Qf6 17. Nf3 Qxe5 18. Nxe5 Nf6 19. Rb1 Rfd8 20. f4 Nd7 21. Nxd7 Rxd7 22. cxd5 exd5 23. b4 axb4 24. axb4 Re7 25. b5 Bf5 26. Kf2 Bd7 27. Rbb2 Kf8 28. Ra2 Ree8 29. bxc6 bxc6 30. Rcb2 Ke7 31. Rxa8 Rxa8 32. Rb7 Kd8 33. h4 Kc8 34. Rb2 Kc7 35. Bf3 Ra4 36. h5 f6 37. Ke3 Ra1 38. g4 Ra4 39. Rb1 Ra8 40. Rg1 Re8+ 41. Kd4 Kd6 42. Ra1 c5+ 43. Kc3 Bc6 44. Kb2 Ra8 1/2-1/2

[Event "ch-CRC Final"]
[Site "San José"]
[Date "2003.07.22"]
[Round "3"]
[White "Valdes, Leonardo"]
[Black "Gonzalez, Bernal Manuel"]
[Result "0-1"]
[WhiteElo "2396"]
[BlackElo "2420"]
[PlyCount "90"]
[EventDate "2003.07.19"]
[Source "Roberto Alvarez"]
[SourceDate "2003.11.24"]

1. Nf3 d5 2. c4 c6 3. b3 Nf6 4. g3 Bf5 5. Bg2 e6 6. Bb2 Be7 7. O-O h6 8. d3 O-O 9. Nbd2 Nbd7 10. a3 a5 11. Rc1 Bh7 12. Rc2 Bd6 13. Qa1 Re8 14. Ne5 Nxe5 15. Bxe5 Bf8 16. Bh3 Nd7 17. Bb2 Nc5 18. Rd1 Qb6 19. Qa2 Rad8 20. Bf1 d4 21. b4 axb4 22. axb4 Na6 23. Ba3 Bxb4 24. c5 Qc7 25. Qb3 Bxd2 26. Rcxd2 Bf5 27. Rb1 Re7 28. Rdb2 Qa5 29. Qb6 Qxb6 30. Rxb6 Rdd7 31. Bg2 Rc7 32. Bc1 e5 33. Bd2 e4 34. Bf1 exd3 35. exd3 Nxc5 36. Bb4 Re5 37. Bxc5 Rxc5 38. Rxb7 Rxb7 39. Rxb7 Rc1 40. Kg2 c5 41. Rb8+ Kh7 42. Rd8 g5 43. h4 g4 44. h5 Kg7 45. Rd6 Be6 0-1

[Event "ch-CRC Final"]
[Site "San José"]
[Date "2003.??.??"]
[Round "1"]
[White "Valdes, Leonardo"]
[Black "Gonzalez, Bernal Manuel"]
[Result "1-0"]
[WhiteElo "2396"]
[BlackElo "2420"]
[PlyCount "145"]
[EventDate "2003.07.19"]
[Source "Roberto Alvarez"]
[SourceDate "2003.11.24"]

1. Nf3 d5 2. c4 c6 3. b3 Nf6 4. g3 Bf5 5. Bg2 e6 6. Bb2 Be7 7. O-O h6 8. d3 O-O 9. Nbd2 Nbd7 10. a3 a5 11. Qc2 Bh7 12. Bc3 b5 13. cxb5 cxb5 14. Qb2 b4 15. axb4 axb4 16. Bd4 Ra3 17. Nb1 Rxa1 18. Qxa1 Qa8 19. Qb2 Rc8 20. Rc1 Bd6 21. Nbd2 Rxc1+ 22. Qxc1 e5 23. Bb2 Qb8 24. Bh3 e4 25. dxe4 dxe4 26. Ne1 e3 27. fxe3 Bg6 28. Bxf6 Nxf6 29. Qc8+ Qxc8 30. Bxc8 Bc5 31. Nc4 Nd5 32. Kf2 Nb6 33. Nxb6 Bxb6 34. Ba6 Be4 35. Bd3 Bd5 36. Bc2 Bc5 37. Nd3 Bd6 38. Nf4 Be6 39. Nd3 Bf5 40. Nxb4 Bxb4 41. Bxf5 Kf8 42. Kf3 Ke7 43. Ke4 Kd6 44. g4 f6 45. Bh7 Ba3 46. h4 Bb4 47. h5 Ba3 48. Kd4 Bc5+ 49. Kd3 Ba3 50. Kc4 Bc5 51. e4 Bf2 52. b4 Bg1 53. Kb5 Be3 54. e5+ fxe5 55. Kc4 Bf2 56. Bg6 Bh4 57. Kd3 Be1 58. b5 Bh4 59. Ke4 Bd8 60. Kf5 Bb6 61. Be8 Bd8 62. Bc6 Bf6 63. e4 Bd8 64. Kg6 Bf6 65. Kf7 Bg5 66. Kxg7 Bd2 67. Kf6 Bg5+ 68. Kf5 Bd2 69. Bd5 Be3 70. b6 Bf4 71. b7 Kc7 72. Ke6 Kb8 73. Kd6 1-0

[Event "Kecskemet Caissa 12"]
[Site "?"]
[Date "1993.??.??"]
[Round "9"]
[White "Habibi Ali"]
[Black "Haba Petr"]
[Result "0-1"]
[WhiteElo "2310"]
[BlackElo "2485"]
[PlyCount "94"]
[EventDate "1993.??.??"]
[Source "www.chesslib.no"]
[SourceDate "2004.05.04"]

1. Nf3 d5 2. g3 Nf6 3. c4 c6 4. b3 Bf5 5. Bb2 e6 6. Bg2 h6 7. O-O Be7 8. d3 O-O 9. Nc3 Nbd7 10. Rc1 Re8 11. Qd2 Bh7 12. Rfd1 a5 13. Qc2 Bc5 14. Na4 Ba7 15. c5 e5 16. Nd2 Qe7 17. e3 Qe6 18. Nf1 e4 19. d4 Bf5 20. Bc3 Bh3 21. Bxa5 Bb8 22. Be1 Bxg2 23. Kxg2 Nh7 24. Qe2 Ndf6 25. Nd2 Ng5 26. Kh1 Bc7 27. Nc3 Ba5 28. a4 Bxc3 29. Rxc3 Qh3 30. Qf1 Qh5 31. Rdc1 Ng4 32. Qg2 Re6 33. R3c2 Rf6 34. Ra1 Rf5 35. Nf1 Nf3 36. Bc3 Qg6 37. h3 Rh5 38. b4 Qf5 39. a5 Rxh3+ 40. Qxh3 Nxf2+ 41. Rxf2 Qxh3+ 42. Nh2 Qxg3 43. Rg2 Qh3 44. Bd2 Kh7 45. Rf2 f5 46. Rxf3 exf3 47. Rg1 Re8 0-1

[Event "CZE Team Ch"]
[Site "Czech Republic"]
[Date "1993.??.??"]
[Round "?"]
[White "Tichy, Vladimir"]
[Black "Michenka, Jozef"]
[Result "1/2-1/2"]
[WhiteElo "2380"]
[BlackElo "2405"]
[PlyCount "144"]
[EventDate "1993.??.??"]
[Source "www.chesslib.no"]
[SourceDate "2004.05.04"]

1. Nf3 Nf6 2. g3 d5 3. c4 c6 4. b3 Bf5 5. Bb2 e6 6. Bg2 Nbd7 7. O-O h6 8. d4 Be7 9. Nbd2 Ne4 10. Ne1 Nxd2 11. Qxd2 O-O 12. Nd3 a5 13. f3 Bg5 14. e3 a4 15. h4 Be7 16. e4 Bh7 17. Nf4 axb3 18. axb3 Qb6 19. exd5 exd5 20. cxd5 Qxb3 21. dxc6 bxc6 22. Qc3 Qxc3 23. Bxc3 Nb6 24. Rxa8 Rxa8 25. Ra1 Rxa1+ 26. Bxa1 Bd6 27. Kf2 Bxf4 28. gxf4 Nd5 29. Bh3 Bd3 30. Bd7 Bb5 31. Kg3 g6 32. Bb2 Nb6 33. Bh3 Bd3 34. f5 gxf5 35. Bc1 Kg7 36. h5 Nd5 37. Bd2 Nf6 38. Kh4 Be2 39. Bg2 Bc4 40. Bf4 Nd5 41. Kg3 Nc3 42. Kf2 f6 43. Bh3 Be6 44. Bf1 Bf7 45. Bd3 Bxh5 46. Bxf5 Bf7 47. Bd6 Nb5 48. Bc5 Bd5 49. Kg3 Nc3 50. Bd3 Nb5 51. Kg4 Be6+ 52. Kg3 Nc7 53. f4 f5 54. Bd6 Nb5 55. Be5+ Kg6 56. Kh4 Nc3 57. Ba6 Ne4 58. Bb7 Bd5 59. Bc8 Nd2 60. Kg3 Nf3 61. Bh8 Kh7 62. Bf6 Kg6 63. Bh8 Nd2 64. Bd7 Ne4+ 65. Kh4 Nf6 66. Bxf6 Kxf6 67. Kh5 Be4 68. Kxh6 Ke7 69. Bc8 Kd6 70. Kg5 Kd5 71. Bxf5 Bxf5 72. Kxf5 Kxd4 1/2-1/2

[Event "otb"]
[Site "otb"]
[Date "2007.04.06"]
[Round "5"]
[White "McNab Colin Anderson"]
[Black "Lamoureux Charles"]
[Result "1-0"]
[WhiteElo "2418"]
[BlackElo "2360"]
[PlyCount "117"]
[Source "www.chesslib.no"]
[SourceDate "2004.05.04"]

1. c4 Nf6 2. g3 c6 3. Nf3 d5 4. b3 Bf5 5. Bg2 h6 6. O-O Nbd7 7. Bb2 e6 8. d3 Bc5 9. Nbd2 O-O 10. a3 a5 11. Ra2 Re8 12. Qa1 Bf8 13. Rd1 Bh7 14. h3 Qe7 15. Ne5 Nxe5 16. Bxe5 Nd7 17. Bc3 Nb6 18. b4 axb4 19. axb4 e5 20. c5 d4 21. Bb2 Qe6 22. Ra7 Rxa7 23. Qxa7 Nd7 24. Qxb7 Rb8 25. Qxc6 Qxc6 26. Bxc6 Nxc5 27. bxc5 Rxb2 28. Bf3 Rc2 29. c6 Bf5 30. Nc4 e4 31. Bg4 exd3 32. exd3 Bxd3 33. c7 Rxc4 34. c8=Q Rxc8 35. Bxc8 Bg6 36. Rxd4 Kh7 37. Bb7 h5 38. Bf3 Be7 39. h4 Bf6 40. Rd5 Kh6 41. Ra5 Bc3 42. Ra7 f6 43. Kg2 Be5 44. Bd5 Bd4 45. Ra8 Kh7 46. f3 Be5 47. f4 Bd4 48. Kf3 Bf5 49. Be4 Bxe4+ 50. Kxe4 Bf2 51. Ra3 Kg6 52. f5+ Kh7 53. Kd5 Be1 54. Ke6 Kg8 55. Rf3 Ba5 56. Re3 Bc7 57. Rc3 Be5 58. Rc8+ Kh7 59. Kf7 1-0

[Event "Marin (Spain)"]
[Site "?"]
[Date "2004.07.20"]
[Round "8"]
[White "Sande Edreira Jose Antonio"]
[Black "Manolache Marius"]
[Result "1/2-1/2"]
[WhiteElo "2303"]
[BlackElo "2463"]
[PlyCount "135"]
[EventDate "2004.??.??"]
[Source "www.chesslib.no"]
[SourceDate "2004.05.04"]

1. c4 Nf6 2. g3 c6 3. Nf3 d5 4. b3 Bf5 5. Bg2 e6 6. O-O Nbd7 7. Bb2 Be7 8. d3 O-O 9. Nbd2 a5 10. a3 h6 11. Qc2 Bh7 12. Bc3 Qb8 13. Qb2 Rd8 14. b4 a4 15. c5 Ne8 16. Ne5 Nxe5 17. Bxe5 Bf6 18. Bxf6 Nxf6 19. Nf3 Nd7 20. Bh3 Bf5 21. Bxf5 exf5 22. e3 Re8 23. Qd4 Nf8 24. Qh4 Qc8 25. Rab1 Ng6 26. Qh5 Ne5 27. Nxe5 Rxe5 28. d4 Re4 29. b5 Qe6 30. bxc6 bxc6 31. Rb7 Rg4 32. Rfb1 Rf8 33. h3 Re4 34. Kh2 Qf6 35. Rc7 f4 36. Qf3 fxg3+ 37. Qxg3 Re6 38. Ra7 Qf5 39. Rbb7 Rf6 40. Rb2 Qd3 41. Rxa4 Qc3 42. Rab4 Qxa3 43. R4b3 Qa5 44. Rb4 Kh7 45. h4 Re8 46. f4 Qa1 47. h5 Qd1 48. Qh3 Ra8 49. Rg2 Ra1 50. Rb8 Qh1+ 51. Kg3 Qxh3+ 52. Kxh3 Ra3 53. Rg3 Re6 54. Rc8 Raxe3 55. Rxe3 Rxe3+ 56. Kg4 Re4 57. Rxc6 Rxd4 58. Rc7 Rc4 59. Rxf7 Rxc5 60. Rd7 Ra5 61. Rd8 Rb5 62. Rd7 Kg8 63. Kf5 Kf8 64. Kg6 Rb6+ 65. Kf5 Rb5 66. Kg6 Rb6+ 67. Kf5 Rb5 68. Kg6 1/2-1/2

[Event "Stary Smokovec"]
[Site "Stary Smokovec"]
[Date "1974.??.??"]
[Round "7"]
[White "Szilagyi, Gyorgy"]
[Black "Plachetka, Jan"]
[Result "0-1"]
[WhiteElo "2360"]
[BlackElo "2405"]
[PlyCount "120"]
[EventDate "1974.??.??"]
[Source "ChessBase"]

1. Nf3 Nf6 2. g3 d5 3. c4 c6 4. b3 Bf5 5. Bg2 e6 6. O-O Be7 7. Bb2 Nbd7 8. d3 h6 9. Nbd2 O-O 10. Qe1 Bh7 11. e4 Nc5 12. Ne5 Nfd7 13. Qe2 Nxe5 14. Bxe5 dxc4 15. dxc4 Qd3 16. Qxd3 Nxd3 17. Bc3 Rfd8 18. a3 a5 19. Ra2 Bc5 20. Bf3 Bb6 21. Kg2 Rd7 22. Be2 Nc5 23. f3 Rad8 24. Rfa1 f6 25. Kf1 Bg6 26. a4 e5 27. b4 axb4 28. Bxb4 Bf7 29. a5 Ba7 30. Rb1 Be6 31. Kg2 Na6 32. Bc3 Bd4 33. Bxd4 Rxd4 34. Rbb2 Nc5 35. Kf2 R8d7 36. Ke3 g5 37. g4 Kf7 38. Nb3 Rd3+ 39. Bxd3 Rxd3+ 40. Kf2 Rxb3 41. Rxb3 Nxb3 42. a6 bxa6 43. Rxa6 Nd4 44. Ra7+ Ke8 45. c5 Bc4 46. Rh7 Kf8 47. h4 Be2 48. Rxh6 Kg7 49. hxg5 Bxf3 50. Ke3 fxg5 51. Rh3 Be2 52. Rh2 Bc4 53. Rh5 Kg6 54. Rh1 Be6 55. Rg1 Bd7 56. Kd3 Nb3 57. Kc4 Be6+ 58. Kb4 Nd2 59. Ka5 Nxe4 60. Kb6 Bd5 0-1

[Event "BUL-FRA"]
[Site "?"]
[Date "1985.??.??"]
[Round "4"]
[White "Manouck, Thierry"]
[Black "Spiridonov, Nikola"]
[Result "0-1"]
[WhiteElo "2365"]
[BlackElo "2400"]
[PlyCount "120"]
[EventDate "1985.??.??"]
[Source "www.chesslib.no"]
[SourceDate "2004.05.04"]

1. c4 Nf6 2. g3 c6 3. Nf3 d5 4. b3 Bf5 5. Bg2 e6 6. O-O h6 7. Bb2 Nbd7 8. d3 Bc5 9. Nbd2 O-O 10. a3 a5 11. Ra2 Qe7 12. Qa1 Bh7 13. Bc3 Bd6 14. Ne5 Nxe5 15. Bxe5 Bxe5 16. Qxe5 Rfe8 17. Rfa1 Bg6 18. h3 Ra6 19. Kh2 Nh7 20. f4 f6 21. Qc3 Bf7 22. cxd5 exd5 23. e4 a4 24. exd5 cxd5 25. Rb2 Rc6 26. Qd4 axb3 27. Nxb3 Rec8 28. a4 Nf8 29. Qf2 Rc3 30. Bf1 Ne6 31. f5 Nc5 32. Re1 Qd7 33. Nxc5 R3xc5 34. d4 Rc3 35. Bb5 Qd6 36. Re3 Bh5 37. Kg2 Qa3 38. Rxc3 Rxc3 39. Rc2 Bf3+ 40. Kh2 Qa1 41. g4 Rxc2 42. Qxc2 Qxd4 43. Kg3 Qe3 44. Qd3 Qxd3 45. Bxd3 Bd1 46. a5 Ba4 47. Kf4 Kf8 48. Ke3 Ke7 49. Kd4 Kd6 50. Be2 Bc2 51. Bf3 Be4 52. Bxe4 dxe4 53. Kxe4 Kc5 54. h4 Kc4 55. h5 Kc5 56. Kd3 Kb5 57. Kd4 Kxa5 58. Kd5 b5 59. Kd6 b4 60. Ke7 b3 0-1

[Event "Buenos Aires ol (Men)"]
[Site "Buenos Aires ARG"]
[Date "1978.??.??"]
[Round "3"]
[White "Giardelli, Sergio C"]
[Black "Westerinen, Heikki M J"]
[Result "0-1"]
[WhiteElo "2315"]
[BlackElo "2450"]
[PlyCount "130"]
[EventDate "1978.10.25"]
[Source "www.chesslib.no"]
[SourceDate "2004.05.04"]

1. c4 Nf6 2. g3 c6 3. Nf3 d5 4. b3 Bf5 5. Bg2 e6 6. O-O Be7 7. d3 O-O 8. Bb2 a5 9. Nh4 Bg4 10. h3 Bh5 11. Qc2 Na6 12. a3 Qb6 13. Nf3 Rfd8 14. Nbd2 h6 15. Rae1 Nc5 16. Ne5 Nfd7 17. Nxd7 Rxd7 18. d4 Na6 19. e4 Bg6 20. f4 dxe4 21. Bxe4 Bxe4 22. Nxe4 c5 23. f5 exf5 24. Rxf5 cxd4 25. c5 Qg6 26. Ref1 Bg5 27. Nxg5 hxg5 28. Qd2 f6 29. Qxa5 Qh5 30. Qb5 Nb8 31. Qc4+ Kh8 32. Bxd4 Nc6 33. Bc3 Rxa3 34. Kg2 Qf7 35. Qxf7 Rxf7 36. Rb1 Rd7 37. Rb2 Rd1 38. Rf1 Rd5 39. Be1 Rxc5 40. Bf2 Rb5 41. Rfb1 Kh7 42. b4 f5 43. Rc1 Rd3 44. Rc5 Rxc5 45. bxc5 Rd7 46. Be3 Kg6 47. Rb6 Rf7 48. Kf3 Kh5 49. Bf2 f4 50. g4+ Kg6 51. Ke4 Kf6 52. Bd4+ Ke6 53. Bf2 Rd7 54. Rb2 g6 55. Rb6 Rd2 56. Kf3 Kd5 57. Rxb7 Ne5+ 58. Kg2 Nd3 59. Rd7+ Kc6 60. Rd6+ Kc7 61. Kg1 Rd1+ 62. Kg2 Nxf2 63. Rxg6 Ne4 64. Kf3 Re1 65. h4 Re3+ 0-1

[Event "Oslo NOR"]
[Site "?"]
[Date "2006.06.09"]
[Round "3"]
[White "Lie Espen"]
[Black "Ogaard Leif"]
[Result "0-1"]
[WhiteElo "2357"]
[BlackElo "2385"]
[PlyCount "90"]
[EventDate "2006.??.??"]
[Source "www.chesslib.no"]
[SourceDate "2004.05.04"]

1. c4 Nf6 2. g3 c6 3. Nf3 d5 4. b3 Bf5 5. Bg2 e6 6. O-O Be7 7. Bb2 O-O 8. d3 a5 9. Nh4 Bg4 10. h3 Bh5 11. g4 Nfd7 12. Nf3 Bg6 13. Nc3 h5 14. e4 hxg4 15. hxg4 dxc4 16. dxc4 Na6 17. Qe2 Qc7 18. Rad1 e5 19. Rxd7 Qxd7 20. Nxe5 Qc7 21. Nxg6 fxg6 22. e5 Nc5 23. f4 Ne6 24. Qe4 Bc5+ 25. Kh2 Rad8 26. Na4 Bd4 27. f5 Bxb2 28. Nxb2 Rd2 29. Nd3 Qd8 30. Ne1 Qh4+ 31. Kg1 Nd4 32. Nf3 Nxf3+ 33. Qxf3 gxf5 34. Qe3 Rfd8 35. gxf5 R8d3 36. Qf4 Qxf4 37. Rxf4 Re3 38. e6 Kf8 39. Rg4 Rxa2 40. Bf1 Rxb3 41. Rd4 Rf3 42. Rd8+ Ke7 43. Rd7+ Ke8 44. Bd3 Rd2 45. f6 Rxf6 0-1